000 00768nam a2200265Ia 4500
005 20260121170910.0
008 008 260114s9999 xx 000 0 eng d
020 _a9783030036737
037 _aEBOOK
040 _aCRL
040 _beng
040 _cCRL
041 _2eng
041 _aeng
084 _qCRL
100 _aMarco Kuhrmann, Kurt Schneider, Dietmar Pfahl, Sousuke Amasaki, Marcus Ciolkowski, Regina Hebig, Paolo Tell, Jil Klünder, Steffen Küpper
_91069532
245 0 _aProduct-Focused Software Process Improvement
260 _bSpringer
260 _bSpringer
260 _c2018
856 _uhttps://link.springer.com/openurl?genre=book&isbn=978-3-030-03673-7
942 _cEBOOK
999 _c1635262
_d1635262